| 000 -CABECERA |
| Longitud fija campo de control |
00582nam a22001937a 4500 |
| 003 - IDENTIFICADOR DEL NÚMERO DE CONTROL |
| Identificador del número de control |
CDMR |
| 005 - FECHA Y HORA DE LA ÚLTIMA TRANSACCIÓN |
| Fecha y hora de la última transacción |
20151202101444.0 |
| 008 - CÓDIGOS DE INFORMACIÓN DE LONGITUD FIJA |
| Códigos de información de longitud fija |
140415b2014 sp ||||| |||| 00| 0bsp d |
| 020 ## - NÚMERO INTERNACIONAL NORMALIZADO PARA LIBROS |
| Número Internacional Normalizado para Libros (ISBN) |
9788478246366 |
| 040 ## - FUENTE DE LA CATALOGACIÓN |
| Lengua de catalogación |
cat |
| Centro transcriptor |
CDMR |
| 100 1# - PUNTO DE ACCESO PRINCIPAL-NOMBRE DE PERSONA |
| 9 (RLIN) |
4560 |
| Nombre de persona |
ERO |
| 245 10 - MENCIÓN DE TÍTULO |
| Título |
Gente de paso |
| Mención de responsabilidad, etc. |
Álvaro Ruibal, ERO; prólogo Lluís Permanyer |
| 260 ## - PUBLICACIÓN, DISTRIBUCIÓN, ETC. (PIE DE IMPRENTA) |
| Lugar de publicación, distribución, etc. |
Santiago de Compostela |
| Nombre del editor, distribuidor, etc. |
Sotelo Blanco |
| Fecha de publicación, distribución, etc. |
2014 |
| 300 ## - DESCRIPCIÓN FÍSICA |
| Extensión |
273 p. |
| Otras características físicas |
il. |
| Dimensiones |
21 cm |
| 500 ## - NOTA GENERAL |
| Nota general |
Dedicat al Centre de Documentació Montserrat Roig |
| 600 14 - PUNTO DE ACCESO ADICIONAL DE MATERIA - NOMBRE DE PERSONA |
| 9 (RLIN) |
4560 |
| Nombre de persona |
ERO |
| Subdivisión de forma (R ) |
Recull d'escrits |
| 700 14 - PUNTO DE ACCESO ADICIONAL - NOMBRE DE PERSONA |
| 9 (RLIN) |
469 |
| Nombre de persona |
Permanyer, Lluís |
| 942 ## - ENTRADA DE ELEMENTOS AGREGADOS (KOHA) |
| Koha [por defecto] tipo de item |
Monografies |
| Fuente de clasificaión o esquema |
|